Podstata a význam výberu zamestnancov

Proces výberu zamestnancov. Fázy výberu zamestnancov. Klasifikácia metód výberu zamestnancov. Dokumenty, na základe ktorých získavame informácie o uchádzačoch o zamestnanie.

Guardado en:
Detalles Bibliográficos
Autor principal: Poniščiaková, Oľga
Otros Autores: Strenitzerová, Mariana
Formato: Capítulo de libro
Lenguaje:eslovaco
Materias:
Etiquetas: Agregar Etiqueta
Sin Etiquetas, Sea el primero en etiquetar este registro!

MARC

LEADER 00000naa a2200000 4500
001 0148584
005 20231120125524.5
041 0 |a slo 
044 |a SK 
245 1 0 |a Podstata a význam výberu zamestnancov  |c Oľga Poniščiaková, Mariana Strenitzerová 
520 |a Proces výberu zamestnancov. Fázy výberu zamestnancov. Klasifikácia metód výberu zamestnancov. Dokumenty, na základe ktorých získavame informácie o uchádzačoch o zamestnanie. 
610 2 0 |a výber pracovníkov 
610 2 0 |a metódy 
100 1 |a Poniščiaková, Oľga 
700 1 |a Strenitzerová, Mariana